| 000 | 00414nam a22001697a 4500 | ||
|---|---|---|---|
| 005 | 20160630104439.0 | ||
| 008 | 160630b xxu||||| |||| 00| 0 eng d | ||
| 020 | _a978-93-80027-54-8 | ||
| 041 | _aeng | ||
| 082 | _b13015 | ||
| 100 |
_aSharma, K K _93210 |
||
| 245 | _aFundamental of Television Radar Engineering | ||
| 260 |
_bKatson _c2012 |
||
| 300 | _a575 | ||
| 650 |
_aDiploma Engineering _9817 |
||
| 942 | _cBK | ||
| 999 |
_c4853 _d4851 |
||